| 000 | 01670nam a2200433Ia 4500 | ||
|---|---|---|---|
| 001 | ebr10588776 | ||
| 003 | CaPaEBR | ||
| 006 | m u | ||
| 007 | cr cn||||||||| | ||
| 008 | 990120s1999 nyu sb s001 0 eng d | ||
| 010 | _z 99013651 | ||
| 020 | _z9780791441893 | ||
| 020 | _z9781438409672 | ||
| 020 | _z079144189X (alk. paper) | ||
| 020 | _z0791441903 (pbk. : alk. paper) | ||
| 040 |
_aCaPaEBR _cCaPaEBR |
||
| 035 | _a(OCoLC)794701322 | ||
| 050 | 1 | 4 |
_aB759.M34 _bK74 1999eb |
| 082 | 0 | 4 |
_a320/.092 _221 |
| 100 | 1 |
_aKreisel, Howard T. _q(Howard Theodore) |
|
| 245 | 1 | 0 |
_aMaimonides' political thought _h[electronic resource] : _bstudies in ethics, law, and the human ideal / _cHoward Kreisel. |
| 260 |
_aAlbany : _bState University of New York Press, _cc1999. |
||
| 300 | _ax, 360 p. | ||
| 440 | 0 | _aSUNY series in Jewish philosophy | |
| 504 | _aIncludes bibliographical references (p. 339-351) and index. | ||
| 533 |
_aElectronic reproduction. _bPalo Alto, Calif. : _cebrary, _d2011. _nAvailable via World Wide Web. _nAccess may be limited to ebrary affiliated libraries. |
||
| 600 | 1 | 0 |
_aMaimonides, Moses, _d1135-1204. |
| 650 | 0 |
_aPolitical science _xPhilosophy. |
|
| 650 | 0 | _aJewish philosophy. | |
| 650 | 0 | _aPhilosophy, Medieval. | |
| 650 | 0 |
_aIntellect _xReligious aspects _xJudaism. |
|
| 650 | 0 | _aCommon good. | |
| 650 | 0 |
_aPerfection _xReligious aspects _xJudaism. |
|
| 650 | 0 | _aJewish ethics. | |
| 650 | 0 | _aGod (Judaism) | |
| 655 | 7 |
_aElectronic books. _2local |
|
| 710 | 2 | _aebrary, Inc. | |
| 856 | 4 | 0 |
_uhttp://site.ebrary.com/lib/rucke/Doc?id=10588776 _zAn electronic book accessible through the World Wide Web; click to view |
| 999 |
_c208481 _d208481 |
||